Lecciones de práctica contenciosa en materia fiscal /

Guardado en:
Bibliografiske detaljer
Hovedforfatter: Carrasco Iriarte, Hugo (autor)
Format: Bog
Sprog:spansk
Udgivet: México : Themis, 2002, c2002
Udgivelse:12a edición
Serier:(Textos Universitarios Themis)
Fag:
Tags: Tilføj Tag
Ingen Tags, Vær først til at tagge denne postø!

MARC

LEADER 00000nam^a2200000^a^4500
001 000140687
005 20250521000000.0
009 20260310095547.328
020 |a 970-28-0070-6 
037 |a Acervo ITESO - Biblioteca 
041 |a ESP 
082 |a 343. 7204  |b CAR 
100 |a Carrasco Iriarte, Hugo  |e (autor) 
245 1 0 |a Lecciones de práctica contenciosa en materia fiscal /  |c H. Carrasco Iriarte. 
250 |a 12a edición 
264 4 |a México :  |b Themis,  |c 2002, c2002 
300 |a XI, 526 p. 
336 |a texto  |b txt  |2 rdacontenido 
337 |a sin mediación  |b n  |2 rdamedio 
338 |a volumen  |b nc  |2 rdasoporte 
440 1 |a (Textos Universitarios Themis) 
649 |a XX 
650 |a Recurso Contencioso Administrativo -  |z México -  |x Tema Principal 
650 |a Derecho Procesal Administrativo -  |z México 
650 |a Derecho Fiscal -  |z México -  |x Tema Principal 
650 |a Derecho Financiero -  |z México 
650 |a Derecho Administrativo -  |z México 
650 |a Derecho Público -  |z México 
650 |a México -  |x Condiciones Jurídicas 
910 |a Fondo General 
920 |a Impresos - Libros 
930 |a Colección General 
905 |a 101 
901 |a 0500069449  |b IT1  |c ACC  |u 20250521 
902 |a https://opac.biblio.iteso.mx/vufind/Record/000140687